[Event "JAGI 0"]
[Site "SchemingMind.com"]
[Date "2023.11.26"]
[Round "-"]
[White "roscoe"]
[Black "Steven DuCharme"]
[Result "1-0"]
[WhiteCountry "USA"]
[BlackCountry "USA"]
[WhiteElo "1221"]
[WhiteRD "101"]
[BlackElo "1561"]
[BlackRD "59"]
[GameID "739522"]

1. d4 Nf6 2. c4 e6 3. Nc3 b6 4. Nf3 Bb7 5. g3 Be7 6. Bg2 O-O 7. O-O d6 8. Bg5 Nbd7 9. Re1 Ne4 10. Bxe7 Qxe7
11. Qc2 Nxc3 12. Qxc3 a5 13. c5 dxc5 14. e4 b5 15. a3 b4 16. axb4 axb4 17. Qc4 Rxa1 18. Rxa1 Bxe4 19. h4 Ra8 20. Qc1 h6
21. Ne5 Bxg2 22. Kxg2 Rxa1 23. Qxa1 Nxe5 24. Qa8+ Qf8 25. Qe4
1-0

[Event "JAGI 0"]
[Site "SchemingMind.com"]
[Date "2023.11.27"]
[Round "-"]
[White "Steven DuCharme"]
[Black "Kenny Elliott"]
[Result "1/2-1/2"]
[WhiteCountry "USA"]
[BlackCountry "USA"]
[WhiteElo "1509"]
[WhiteRD "51"]
[BlackElo "1455"]
[BlackRD "84"]
[GameID "739523"]

1. Nf3 d5 2. e3 Nf6 3. c4 Bg4 4. cxd5 Nxd5 5. Be2 e6 6. O-O Bd6 7. Nc3 Nxc3 8. bxc3 O-O 9. h3 Bh5 10. Qb3 b6
11. d4 Nd7 12. Ba3 Nf6 13. Bxd6 Qxd6 14. a4 Rab8 15. Rfb1 Ne4 16. c4 Bxf3 17. Bxf3 Nd2 18. Qd1 Nxb1 19. Qxb1 c5 20. d5 exd5
21. Bxd5 Rfe8 22. Qf5 Qf6 23. Qxf6 gxf6 24. Ra3 a6 25. e4 b5 26. axb5 axb5 27. cxb5 Rxb5 28. Ra7 Rf8 29. Rc7 Rb1+ 30. Kh2 Rc1
31. f3 Rc2 32. h4 h5 33. Kh3 Kg7 34. g4 hxg4+ 35. Kxg4 Rg2+ 36. Kh3 Rg6 37. Rxc5 Rb8 38. Rc7 Rb1 39. Rxf7+ Kh6 40. Kh2 Rb2+
41. Kh1 Rf2 42. h5 Kxh5 43. Rh7+ Rh6 44. Bf7+ Kg5+ 45. Rxh6 Kxh6 46. Be6 Rxf3 47. Kg2 Rf4 48. Bf5 Rxf5 49. exf5 Kg5 50. Kf3 Kxf5
51. Kf2 Kf4 52. Kf1 f5 53. Kf2 Kg4 54. Kf1 f4 55. Kg2 f3+ 56. Kf2 Kf4 57. Kf1 Ke4 58. Kf2 Kf4 59. Kf1 Ke4 60. Kf2 Kf4
61. Kf1 Ke4 62. Kf2
1/2-1/2

[Event "JAGI 0"]
[Site "SchemingMind.com"]
[Date "2023.11.27"]
[Round "-"]
[White "Steven DuCharme"]
[Black "Derek Price"]
[Result "0-1"]
[WhiteCountry "USA"]
[BlackCountry "ENG"]
[WhiteElo "1561"]
[WhiteRD "59"]
[BlackElo "2358"]
[BlackRD "67"]
[GameID "739524"]

1. g3 Nf6 2. Bg2 d5 3. Nf3 c6 4. O-O Bg4 5. Ne5 Bf5 6. d3 Nbd7 7. Nxd7 Qxd7 8. f3 e5 9. e4 Be6 10. exd5 cxd5
11. Be3 d4 12. Bf2 Rc8 13. Re1 Bd6 14. a3 O-O 15. Nd2 b5 16. Ne4 Nxe4 17. fxe4 a5 18. Qd2 b4 19. Qe2 bxa3
0-1

[Event "JAGI 0"]
[Site "SchemingMind.com"]
[Date "2023.11.26"]
[Round "-"]
[White "Archon"]
[Black "Steven DuCharme"]
[Result "1-0"]
[WhiteCountry "CAN"]
[BlackCountry "USA"]
[WhiteElo "1735"]
[WhiteRD "62"]
[BlackElo "1561"]
[BlackRD "59"]
[GameID "739525"]

1. d4 Nf6 2. Bf4 d6 3. e3 g6 4. c4 Bg7 5. Nc3 O-O 6. Nf3 a6 7. Be2 Nh5 8. Bg3 Nxg3 9. hxg3 Bg4 10. Qb3 b6
11. Rh4 h5 12. Qc2 Bf6 13. Rh2 Nd7 14. Nh4 Kg7 15. f3
1-0

[Event "JAGI 0"]
[Site "SchemingMind.com"]
[Date "2023.11.26"]
[Round "-"]
[White "Phillip Beckett"]
[Black "Steven DuCharme"]
[Result "0-1"]
[WhiteCountry "ENG"]
[BlackCountry "USA"]
[WhiteElo "1509"]
[WhiteRD "51"]
[BlackElo "1561"]
[BlackRD "59"]
[GameID "739526"]

1. e4 d6 2. d4 Nf6 3. Nc3 a6 4. Nf3 g6 5. Be2 Bg7 6. O-O O-O 7. h3 b6 8. Be3 Bb7 9. d5 Nbd7 10. Qd2 Nc5
11. Bxc5 dxc5 12. Nh2 c6 13. Rad1 cxd5 14. exd5 h5 15. Bf3 Rc8 16. Ne4 Nxe4 17. Bxe4 e6 18. f3 Bxd5 19. Bxd5 exd5 20. c3 d4
21. cxd4 Qxd4+ 22. Qxd4 cxd4 23. g4 Rc2 24. Rf2 Rfc8 25. Rdf1 d3 26. f4 Bd4
0-1

[Event "JAGI 0"]
[Site "SchemingMind.com"]
[Date "2023.11.26"]
[Round "-"]
[White "Steven DuCharme"]
[Black "pmdpsp"]
[Result "0-1"]
[WhiteCountry "USA"]
[BlackCountry "GER"]
[WhiteElo "1561"]
[WhiteRD "59"]
[BlackElo "1688"]
[BlackRD "77"]
[GameID "739527"]

1. e4 e5 2. Nf3 Nc6 3. Bc4 h6 4. O-O Nf6 5. d3 Bc5 6. Nbd2 O-O 7. Nb3 Bb6 8. a4 a5 9. c3 d5 10. exd5 Nxd5
11. Bxd5 Qxd5 12. c4 Qd8 13. c5 Ba7 14. h3 Bf5 15. Ne1 e4 16. g4 Be6 17. Be3 Qf6 18. d4 Rad8 19. Ra3 Qg6 20. Kh1 f5
0-1

[Event "JAGI 0"]
[Site "SchemingMind.com"]
[Date "2023.11.27"]
[Round "-"]
[White "Steven DuCharme"]
[Black "malcolm chugg"]
[Result "1-0"]
[WhiteCountry "USA"]
[BlackCountry "WLS"]
[WhiteElo "1561"]
[WhiteRD "59"]
[BlackElo "1144"]
[BlackRD "50"]
[GameID "739528"]

1. c4 g6 2. Nf3 Bg7 3. d4 d6 4. e3 c6 5. h3 e6 6. Bd3 f5 7. Nc3 Bd7 8. Bd2 Bf6 9. e4 Ne7 10. e5 dxe5
11. dxe5 Bg7 12. g4 g5 13. gxf5 Nxf5 14. Bxg5 Qc8 15. Qe2 h6 16. Bf4 Ne7 17. Nh4 O-O 18. Qe4 Kf7 19. Ng6 Re8 20. Nxe7 Rxe7
21. Qg6+ Kg8 22. Bxh6 Be8 23. Qh7+ Kf8 24. Qh8+ Kf7 25. Qxg7#
1-0

[Event "JAGI 0"]
[Site "SchemingMind.com"]
[Date "2023.11.26"]
[Round "-"]
[White "Chessibelle"]
[Black "Steven DuCharme"]
[Result "0-1"]
[WhiteCountry "ENG"]
[BlackCountry "USA"]
[WhiteElo "1087"]
[WhiteRD "54"]
[BlackElo "1561"]
[BlackRD "59"]
[GameID "739529"]

1. Nf3 Nf6 2. h3 g6 3. d3 d5 4. g3 Bg7 5. Nc3 O-O 6. Bd2 c6 7. e3 Nbd7 8. b3 e5 9. Be2 e4 10. Nh2 exd3
11. cxd3 Re8 12. O-O Nf8 13. g4 h6 14. Bf3 b6 15. a4 a5 16. d4 Ba6 17. Ne2 Ra7 18. b4 Ne4 19. Bc1 Bxe2 20. Qxe2 axb4
21. Qb2 Qa8 22. Bd1 c5 23. Bb3 c4 24. Bd1 b3 25. Bf3 Ng5 26. Be2 Rxa4 27. Qc3 Rxa1 28. f4 Ne4 29. Qb4 Ng3 30. Bd1 Rxc1
31. Re1 Qa1 32. Nf3 Rxd1 33. Kf2 Ne4+ 34. Ke2 Rxe1+ 35. Nxe1 Qa2+ 36. Kf3 Qf2#
0-1

[Event "JAGI 0"]
[Site "SchemingMind.com"]
[Date "2023.12.01"]
[Round "-"]
[White "JAHI"]
[Black "Steven DuCharme"]
[Result "1-0"]
[WhiteCountry "INT"]
[BlackCountry "USA"]
[WhiteElo "2164"]
[WhiteRD "84"]
[BlackElo "1563"]
[BlackRD "52"]
[GameID "739530"]

1. a3 c5 2. a4 Nc6 3. Na3 b6 4. e3 Bb7 5. d3 g6 6. h3 Bg7 7. h4 h5 8. Nf3 Nf6 9. d4 cxd4 10. exd4 O-O
11. Nc4 d5 12. Nce5 Ne4 13. a5 Nxa5 14. Rxa5 bxa5 15. c3 Qd6 16. Be2 f5 17. Qa4 a6 18. Qxa5 Rfc8 19. Kf1 Kh7 20. Kg1 Bf6
21. Bf4 Qe6 22. Ng5+ Bxg5 23. hxg5 Kg7 24. Nxg6 Kxg6 25. Bxh5+
1-0

[Event "JAGI 0"]
[Site "SchemingMind.com"]
[Date "2023.11.27"]
[Round "-"]
[White "Steven DuCharme"]
[Black "LockettJ"]
[Result "0-1"]
[WhiteCountry "USA"]
[BlackCountry "ENG"]
[WhiteElo "1509"]
[WhiteRD "51"]
[BlackElo "2094"]
[BlackRD "92"]
[GameID "739532"]

1. e4 e6 2. Nf3 d5 3. exd5 exd5 4. Be2 Nf6 5. O-O Bd6 6. Re1 O-O 7. d3 h6 8. h3 Nc6 9. Bf1 b6 10. a3 Bb7
11. b3 Ne7 12. Bb2 Re8 13. Bxf6 gxf6 14. Nh4 Ng6 15. Rxe8+ Qxe8 16. Qh5 Nxh4 17. Qxh4 Qe5 18. Qg3+ Qxg3 19. fxg3 Bxg3 20. Nd2 d4
21. Ne4 Be5 22. Re1 f5 23. Nd2 Bg3 24. Re2 Kh7 25. Re7 Kg7 26. Be2 Kf6 27. Rd7 Bd6 28. Bh5 Bd5 29. Bf3 Bxf3
0-1

[Event "JAGI 0"]
[Site "SchemingMind.com"]
[Date "2023.11.26"]
[Round "-"]
[White "Steven DuCharme"]
[Black "Chesswitchery"]
[Result "1/2-1/2"]
[WhiteCountry "USA"]
[BlackCountry "USA"]
[WhiteElo "1561"]
[WhiteRD "59"]
[BlackElo "1621"]
[BlackRD "62"]
[GameID "739533"]

1. b3 e5 2. Bb2 Nc6 3. g3 d6 4. Bg2 Nge7 5. Nf3 g6 6. O-O Bg7 7. d3 O-O 8. Nbd2 d5 9. a3 Re8 10. h3 Nf5
11. e4 dxe4 12. Nxe4 Nfd4 13. c3 Ne6 14. d4 exd4 15. cxd4 Nexd4 16. Nxd4 Nxd4 17. Bxd4 Bxd4 18. Rb1 Bf5 19. Re1 c6 20. g4 Bxe4
21. Rxe4 Rxe4 22. Bxe4 Qf6 23. Qf3 Qh4 24. Kg2 f5 25. Bd3 fxg4 26. Qxg4 Qxf2+ 27. Kh1 Be5 28. Qe6+ Qf7 29. Qxe5 Qf3+ 30. Kh2 Qxd3
31. Qe6+ Kg7 32. Qe7+=
1/2-1/2

[Event "JAGI 0"]
[Site "SchemingMind.com"]
[Date "2023.11.27"]
[Round "-"]
[White "Tintinyana"]
[Black "Steven DuCharme"]
[Result "0-1"]
[WhiteCountry "RSA"]
[BlackCountry "USA"]
[WhiteElo "1451"]
[WhiteRD "93"]
[BlackElo "1563"]
[BlackRD "52"]
[GameID "739534"]

1. e4 c5 2. d4 cxd4 3. c3 dxc3 4. Nxc3 e6 5. Bd3 b6 6. Nf3 Bb7 7. O-O h6 8. Qe2 a6 9. Bf4 Nf6 10. Rfd1 Be7
11. Rac1 Nc6 12. e5 Ng8 13. Ne4 g5 14. Bg3 g4 15. Ne1 h5 16. Bb1 Nh6 17. Rd6 Nf5 18. Rd3 Nb4 19. Rb3 Bxe4
0-1

[Event "JAGI 0"]
[Site "SchemingMind.com"]
[Date "2023.11.27"]
[Round "-"]
[White "roscoe"]
[Black "Kenny Elliott"]
[Result "0-1"]
[WhiteCountry "USA"]
[BlackCountry "USA"]
[WhiteElo "1202"]
[WhiteRD "102"]
[BlackElo "1455"]
[BlackRD "84"]
[GameID "739535"]

1. d4 Nf6 2. c4 e6 3. Nc3 Bb4 4. Nf3 d5 5. a3 Bxc3+ 6. bxc3 Ne4 7. Be3 O-O 8. g3 Nc6 9. Bg2 Rb8 10. Ne5 Na5
11. cxd5 Qxd5 12. c4 Nxc4 13. Qd3 Qa5+ 14. Bd2 Nexd2 15. Nxc4 Nxc4+ 16. Kf1 Nd6 17. Bf3 Nb5 18. Kg2 b6 19. Rhc1 Rd8 20. e3 e5
21. Bd1 Bb7+ 22. Bf3 Bxf3+ 23. Kxf3 exd4 24. exd4 Nxd4+ 25. Kg2 Qg5 26. Rc4 Ne6 27. Qe2 Qf6 28. Rb1 Nd4 29. Qe3 Nf5 30. Qf4 Qg6
31. Re1 c5 32. Re5 Qc6+ 33. f3 Nd4 34. Re7 Qd5 35. Ra4 a5 36. Re3 Ne6 37. Re5 Qa2+ 38. Kh3 Nxf4+ 39. Rxf4 Re8
0-1

[Event "JAGI 0"]
[Site "SchemingMind.com"]
[Date "2023.11.27"]
[Round "-"]
[White "Kenny Elliott"]
[Black "Derek Price"]
[Result "0-1"]
[WhiteCountry "USA"]
[BlackCountry "ENG"]
[WhiteElo "1449"]
[WhiteRD "89"]
[BlackElo "2358"]
[BlackRD "67"]
[GameID "739536"]

1. d4 d5 2. Nf3 Nf6 3. e3 e6 4. Nc3 c5 5. Bb5+ Bd7 6. Bxd7+ Nbxd7 7. O-O Bd6 8. Re1 O-O 9. e4 cxd4 10. Bg5 dxc3
11. bxc3 dxe4 12. Rxe4 Qc7 13. Bxf6 Nxf6 14. Re1 Rad8 15. Qd4 Bxh2+ 16. Nxh2 Rxd4 17. cxd4 Qc3 18. Rab1 b6 19. Nf3 Rc8 20. Re2 h6
21. Rd1 Nd5 22. Rd3 Nf4 23. Ree3 Nxd3 24. cxd3 Qa1+ 25. Kh2 Qxa2 26. Ne5 Qxf2 27. Rf3 Qh4+ 28. Rh3 Qxd4 29. Nc4 b5 30. Nd2 Qf4+
0-1

[Event "JAGI 0"]
[Site "SchemingMind.com"]
[Date "2023.11.27"]
[Round "-"]
[White "Archon"]
[Black "Kenny Elliott"]
[Result "1-0"]
[WhiteCountry "CAN"]
[BlackCountry "USA"]
[WhiteElo "1735"]
[WhiteRD "62"]
[BlackElo "1449"]
[BlackRD "89"]
[GameID "739537"]

1. d4 d5 2. Bf4 Nc6 3. e3 Bd7 4. Nf3 Nf6 5. Nbd2 e6 6. c3 Qe7 7. Bd3 O-O-O 8. Ne5 Nxe5 9. dxe5 Ne4 10. Qc2 Nxd2
11. Qxd2 a6 12. Qe2 g5 13. Bg3 h5 14. h4 g4 15. Bf4 Bh6 16. Bg3 a5 17. O-O f6 18. exf6 Qxf6 19. b4 axb4 20. cxb4 e5
21. a4 e4 22. Bc2 Bf8 23. b5 b6 24. a5 bxa5 25. Rxa5 Bb4 26. Ra6 Qf5 27. Rfa1 Bc5 28. Rc6 Kb7 29. Rxc7+ Kb8 30. Rxd7+
1-0

[Event "JAGI 0"]
[Site "SchemingMind.com"]
[Date "2023.11.27"]
[Round "-"]
[White "Kenny Elliott"]
[Black "pmdpsp"]
[Result "0-1"]
[WhiteCountry "USA"]
[BlackCountry "GER"]
[WhiteElo "1449"]
[WhiteRD "89"]
[BlackElo "1688"]
[BlackRD "77"]
[GameID "739538"]

1. d4 Nf6 2. c4 d5 3. Nc3 dxc4 4. e4 Nc6 5. d5 Na5 6. Qa4+ c6 7. dxc6 bxc6 8. Bxc4 Nxc4 9. Qxc4 Bb7 10. Bg5 e6
11. e5 h6 12. exf6 hxg5 13. fxg7 Bxg7 14. Nf3 a5 15. O-O Qc7 16. Nxg5 Qxh2#
0-1

[Event "JAGI 0"]
[Site "SchemingMind.com"]
[Date "2023.11.27"]
[Round "-"]
[White "Kenny Elliott"]
[Black "malcolm chugg"]
[Result "1-0"]
[WhiteCountry "USA"]
[BlackCountry "WLS"]
[WhiteElo "1449"]
[WhiteRD "89"]
[BlackElo "1144"]
[BlackRD "50"]
[GameID "739539"]

1. d4 f5 2. Nc3 d5 3. Bf4 a6 4. Nf3 e6 5. e3 Bb4 6. Ne5 Qe7 7. a3 Bxc3+ 8. bxc3 g6 9. Bd3 c5 10. c4 b6
11. O-O g5 12. Qh5+ Kd8 13. Bxg5 Nf6 14. Nf7+ Kd7 15. Nxh8 Nxh5 16. Bxe7 Kxe7 17. Be2 Ng7 18. cxd5 exd5 19. c3 Nd7 20. c4 Bb7
21. cxd5 Bxd5 22. dxc5 Rxh8 23. cxb6 Nxb6 24. Bxa6 Ra8 25. Bd3 Bc4 26. Bxc4 Nxc4 27. Rfc1 Na5 28. Rc7+ Kf6 29. h4 Nb3 30. Rd1 Kg6
31. Rd6+
1-0

[Event "JAGI 0"]
[Site "SchemingMind.com"]
[Date "2023.11.27"]
[Round "-"]
[White "Chessibelle"]
[Black "Kenny Elliott"]
[Result "0-1"]
[WhiteCountry "ENG"]
[BlackCountry "USA"]
[WhiteElo "1087"]
[WhiteRD "54"]
[BlackElo "1449"]
[BlackRD "89"]
[GameID "739540"]

1. Nf3 d5 2. d4 c6 3. Bd2 Nf6 4. e3 Bg4 5. Be2 Nbd7 6. Nc3 e6 7. O-O Be7 8. a3 O-O 9. Bd3 e5 10. h3 Bxf3
11. Qxf3 e4 12. Nxe4 dxe4 13. Bxe4 Nxe4 14. Qxe4 Re8 15. g4 Bh4 16. Qd3 Qc7 17. f4 Nf6 18. Kh1 Rad8 19. c3 Ne4 20. Kg1 Qb6
21. b4 c5 22. Bc1 cxd4 23. exd4 Nxc3 24. Qxc3 Rxd4 25. Kh2 Re2+ 26. Kh1 h6 27. Qc8+ Kh7 28. Qf5+ Qg6 29. Qb5 Qc2 30. Qxb7 Rh2+
31. Kg1 Re4 32. Qd5 Qg2#
0-1

[Event "JAGI 0"]
[Site "SchemingMind.com"]
[Date "2023.12.01"]
[Round "-"]
[White "JAHI"]
[Black "Kenny Elliott"]
[Result "1-0"]
[WhiteCountry "INT"]
[BlackCountry "USA"]
[WhiteElo "2204"]
[WhiteRD "80"]
[BlackElo "1452"]
[BlackRD "72"]
[GameID "739541"]

1. a3 d5 2. a4 e5 3. Na3 Nf6 4. d3 Bc5 5. h3 O-O 6. Bg5 Qd6 7. Bxf6 Qxf6 8. e3 Nc6 9. c3 Re8 10. Nf3 Bf5
11. Be2 e4 12. dxe4 Bxe4 13. Kf1 Ne5 14. Nb5 Bd6 15. Nxd6 Qxd6 16. Nxe5 Qxe5 17. Bd3 Qg5 18. Bxe4 dxe4 19. Qg4 Qd5 20. Rd1 Qb3
21. Rd7 Rf8 22. Qxe4 Qxb2 23. g3 c6 24. Kg2 Qxc3 25. Rxb7 c5 26. Rd1 Qf6 27. Rdd7 a5 28. Qc4 Qc6+ 29. e4 Qg6 30. Re7 Rae8
31. Qxc5 Rxe7 32. Rxe7 Qf6 33. Ra7 Qe6 34. Qd5 Qxd5 35. exd5 Rd8 36. Rxa5 Kf8 37. Kf3 Ke7 38. Ra7+ Kd6 39. Rxf7 Kxd5 40. Rxg7 h5
41. Rg5+ Kc4 42. Rxh5
1-0

[Event "JAGI 0"]
[Site "SchemingMind.com"]
[Date "2023.11.27"]
[Round "-"]
[White "Kenny Elliott"]
[Black "LockettJ"]
[Result "0-1"]
[WhiteCountry "USA"]
[BlackCountry "ENG"]
[WhiteElo "1449"]
[WhiteRD "89"]
[BlackElo "2094"]
[BlackRD "91"]
[GameID "739543"]

1. d4 f5 2. Nc3 d5 3. Bf4 Nf6 4. e3 e6 5. Nf3 Bd6 6. Ne5 O-O 7. Bd3 Nbd7 8. O-O Bxe5 9. dxe5 Ng4 10. Nb5 Ndxe5
11. Bxe5 Nxe5 12. h3 Bd7 13. Nc3 Qf6 14. Qf3 Nxf3+
0-1

[Event "JAGI 0"]
[Site "SchemingMind.com"]
[Date "2023.11.27"]
[Round "-"]
[White "Kenny Elliott"]
[Black "Chesswitchery"]
[Result "0-1"]
[WhiteCountry "USA"]
[BlackCountry "USA"]
[WhiteElo "1449"]
[WhiteRD "89"]
[BlackElo "1621"]
[BlackRD "62"]
[GameID "739544"]

1. d4 d5 2. Nf3 e6 3. e3 c5 4. Nc3 Nc6 5. Bb5 Bd7 6. O-O Nf6 7. Bxc6 Bxc6 8. Re1 Be7 9. dxc5 Bxc5 10. b3 O-O
11. Bb2 Re8 12. Rb1 Bb4 13. Qd4 Be7 14. Ne5 Qd6 15. Nxc6 bxc6 16. h3 e5 17. Qa4 a5 18. Rbd1 e4 19. g4 Bd8 20. g5 Nh5
21. Ba3 Qe5 22. Qd4 Qxg5+ 23. Kh1 Bf6 24. Qd2 Qf5 25. Kg2 Qf3+ 26. Kf1 Ng3+
0-1

[Event "JAGI 0"]
[Site "SchemingMind.com"]
[Date "2023.11.27"]
[Round "-"]
[White "Tintinyana"]
[Black "Kenny Elliott"]
[Result "0-1"]
[WhiteCountry "RSA"]
[BlackCountry "USA"]
[WhiteElo "1451"]
[WhiteRD "93"]
[BlackElo "1495"]
[BlackRD "73"]
[GameID "739545"]

1. e4 c5 2. d4 cxd4 3. c3 e5 4. cxd4 Bb4+ 5. Nc3 Nf6 6. dxe5 Bxc3+ 7. bxc3 Nxe4 8. Qd4 d5 9. exd6 Nxd6 10. Bf4 Qe7+
11. Be2 Nf5 12. Qe5 Qxe5 13. Bxe5 O-O 14. g4 Nh4 15. O-O-O Nc6 16. Bg3 Ng6 17. h4 Be6
0-1

[Event "JAGI 0"]
[Site "SchemingMind.com"]
[Date "2023.11.27"]
[Round "-"]
[White "roscoe"]
[Black "Derek Price"]
[Result "0-1"]
[WhiteCountry "USA"]
[BlackCountry "ENG"]
[WhiteElo "1221"]
[WhiteRD "101"]
[BlackElo "2358"]
[BlackRD "67"]
[GameID "739546"]

1. d4 d5 2. c4 c6 3. e3 Nf6 4. Nf3 e6 5. c5 b6 6. cxb6 axb6 7. a3 Bb7 8. g3 Nbd7 9. Be2 Bd6 10. O-O Qe7
11. Re1 Ne4 12. Nc3 f5 13. Bd3 g5 14. Nxe4 fxe4 15. Bc2 exf3 16. e4 O-O 17. e5 Bc7 18. Qd3 Ba6 19. Qc3 c5 20. dxc5 bxc5
21. b4 Be2 22. Rxe2 fxe2 23. a4 Bxe5
0-1

[Event "JAGI 0"]
[Site "SchemingMind.com"]
[Date "2023.11.26"]
[Round "-"]
[White "Archon"]
[Black "roscoe"]
[Result "1-0"]
[WhiteCountry "CAN"]
[BlackCountry "USA"]
[WhiteElo "1735"]
[WhiteRD "62"]
[BlackElo "1221"]
[BlackRD "101"]
[GameID "739547"]

1. d4 d5 2. Bf4 g6 3. e3 a6 4. Nd2 Nf6 5. Ngf3 Bg7 6. c3 O-O 7. Be2 Bg4 8. h3 Bf5 9. Qb3 b5 10. Ne5 Nbd7
11. g4 Be4 12. f3 c5 13. fxe4 Nxe4 14. Qxd5 Nxd2 15. Kxd2 c4 16. Qxd7 Qxd7 17. Nxd7 Rfd8 18. Ne5 h6 19. Rhf1 f6 20. Nc6 Rd7
21. Kc2 Rc8 22. Nb4 g5 23. Bg3 a5 24. Na6 b4 25. Nc5 b3+ 26. Kc1 Rdd8 27. axb3 cxb3 28. Rxa5
1-0

[Event "JAGI 0"]
[Site "SchemingMind.com"]
[Date "2023.11.27"]
[Round "-"]
[White "Derek Price"]
[Black "Archon"]
[Result "1-0"]
[WhiteCountry "ENG"]
[BlackCountry "CAN"]
[WhiteElo "2358"]
[WhiteRD "67"]
[BlackElo "1735"]
[BlackRD "62"]
[GameID "739548"]

1. c4 Nf6 2. g3 g6 3. Bg2 Bg7 4. Nc3 O-O 5. d4 d6 6. Nf3 Nbd7 7. O-O c5 8. b3 a6 9. Bb2 cxd4 10. Nxd4 Nc5
11. Rc1 Rb8 12. b4 Ne6 13. Nb3 b5 14. c5 dxc5 15. bxc5 Bb7 16. c6 Ba8 17. Nd5 Nxd5 18. Bxg7 Kxg7 19. Bxd5 Nc7 20. Bf3 Qe8
21. Qd3 Rd8 22. Qc3+ Kg8 23. Qa5 Rc8 24. Rfd1 Ne6 25. Qxa6 Nc7 26. Qb6 e5 27. Nc5 e4 28. Nxe4 Qe5 29. Nd6 Ne6 30. Nxc8
1-0

[Event "JAGI 0"]
[Site "SchemingMind.com"]
[Date "2023.11.26"]
[Round "-"]
[White "pmdpsp"]
[Black "Archon"]
[Result "1-0"]
[WhiteCountry "GER"]
[BlackCountry "CAN"]
[WhiteElo "1688"]
[WhiteRD "77"]
[BlackElo "1735"]
[BlackRD "62"]
[GameID "739549"]

1. e4 g6 2. d4 Bg7 3. Nf3 d6 4. Nc3 a6 5. Bc4 b5 6. Bd5 c6 7. Bb3 a5 8. a3 Ba6 9. Be3 e6 10. Qd2 Ne7
11. O-O-O b4 12. axb4 axb4 13. Na2 Bb5 14. Qxb4 Na6 15. Qc3 Rc8 16. Qd2 d5 17. Bh6 O-O 18. Bxg7 Kxg7 19. e5 c5 20. dxc5 Nxc5
21. Kb1 Ne4 22. Qe3 Nf5 23. Qe1 Qb6 24. Rf1 Bxf1 25. Qxf1 Qxf2 26. Qxf2 Nxf2 27. Re1 Ne4 28. g4 Ne7 29. c3 Nc5 30. Bc2 Ra8
31. Nb4 Na6 32. Nxa6 Rxa6 33. Bd3 Ra7 34. Kc2 Rfa8 35. Rb1 Nc6 36. b4 Ra2+ 37. Rb2 Rxb2+ 38. Kxb2 Rb8 39. Kb3 h6 40. b5 Ne7
41. c4 dxc4+ 42. Bxc4 Nd5 43. h3 Nb6 44. Kb4 Kf8 45. Ng1 Ke7 46. Ne2 Nxc4 47. Kxc4 Kd7 48. Nc3 Kc7 49. Na4 Rd8 50. Kb4 Rd3
51. Ka5 Rxh3 52. b6+ Kb8 53. Nc5 Ra3+ 54. Kb5 Ra1 55. Nd7+ Kc8 56. Kc6 Rc1+ 57. Nc5 Rg1 58. b7+
1-0

[Event "JAGI 0"]
[Site "SchemingMind.com"]
[Date "2023.11.26"]
[Round "-"]
[White "malcolm chugg"]
[Black "Archon"]
[Result "0-1"]
[WhiteCountry "WLS"]
[BlackCountry "CAN"]
[WhiteElo "1144"]
[WhiteRD "50"]
[BlackElo "1735"]
[BlackRD "62"]
[GameID "739550"]

1. Nf3 g6 2. Nc3 Bg7 3. d4 d6 4. Bg5 Nf6 5. d5 c6 6. e4 cxd5 7. Bxf6 Bxf6 8. exd5 Nd7 9. Be2 Bxc3+ 10. bxc3 Qa5
11. Qd2 Nf6 12. Bc4 Ne4 13. Qd4 Qxc3+ 14. Qxc3 Nxc3 15. O-O Bg4 16. Nd2 Rc8 17. h3 Be2 18. Rfe1 Bxc4 19. Re3 Nxd5 20. Ra3 Ba6
21. Rc1 O-O 22. Kh1 Nb4 23. c3 Nd3 24. Rf1 Ne5 25. Rb1 Nc4 26. Nxc4 Rxc4 27. f3 Rfc8 28. Rc1 d5 29. Re1 e6 30. Rd1 Rxc3
31. Ra4 Rc1 32. Rxc1 Rxc1+ 33. Kh2 Rd1 34. a3 d4 35. Rb4 d3 36. Rd4 d2 37. g4 Be2 38. Kg3 Rg1+ 39. Kf2 d1=Q 40. Rd8+ Qxd8
41. Kxg1 Bxf3 42. Kf2 Qd1 43. Ke3 e5 44. Kf2 Qe2+ 45. Kg3 Qg2+ 46. Kh4 f6 47. a4 g5+ 48. Kh5 Qxh3#
0-1

[Event "JAGI 0"]
[Site "SchemingMind.com"]
[Date "2023.11.26"]
[Round "-"]
[White "Archon"]
[Black "Chessibelle"]
[Result "1-0"]
[WhiteCountry "CAN"]
[BlackCountry "ENG"]
[WhiteElo "1735"]
[WhiteRD "62"]
[BlackElo "1087"]
[BlackRD "54"]
[GameID "739551"]

1. d4 d5 2. Bf4 Nc6 3. e3 Nf6 4. Nf3 b6 5. Bb5 Bd7 6. Nbd2 e6 7. c3 g6 8. Qa4 Nb8 9. Bxd7+ Nbxd7 10. Ne5 Be7
11. h4 O-O 12. Qd1 Kg7 13. g4 Rh8 14. h5 h6 15. hxg6 fxg6 16. Qf3 Qc8 17. O-O-O g5 18. Bg3 Qa6 19. Kb1 c5 20. Nc6 Bf8
21. Be5 Qd3+ 22. Ka1 Qb5 23. Bxf6+ Nxf6 24. Ne5 Bd6 25. Qh3 Ng8 26. Ndf3 a5 27. Nxg5 Be7 28. Qh5 Qe8 29. Nxe6+ Kh7 30. Qf5+
1-0

[Event "JAGI 0"]
[Site "SchemingMind.com"]
[Date "2023.12.01"]
[Round "-"]
[White "Archon"]
[Black "JAHI"]
[Result "0-1"]
[WhiteCountry "CAN"]
[BlackCountry "INT"]
[WhiteElo "1753"]
[WhiteRD "57"]
[BlackElo "2164"]
[BlackRD "84"]
[GameID "739552"]

1. d4 f6 2. Bf4 f5 3. e3 Nf6 4. c4 a6 5. Nc3 a5 6. Nf3 Na6 7. a3 e6 8. Nb5 Be7 9. Bd3 Kf8 10. O-O Nh5
11. Be5 d6 12. Bg3 Nxg3 13. hxg3 c6 14. Nc3 d5 15. Ne5 Bd6 16. Qh5 Bxe5 17. dxe5 Bd7 18. cxd5 cxd5 19. Rac1 Nc5 20. Be2 Be8
21. Qf3 Ne4 22. Qh5 Bxh5
0-1

[Event "JAGI 0"]
[Site "SchemingMind.com"]
[Date "2023.11.27"]
[Round "-"]
[White "LockettJ"]
[Black "Archon"]
[Result "1-0"]
[WhiteCountry "ENG"]
[BlackCountry "CAN"]
[WhiteElo "2094"]
[WhiteRD "91"]
[BlackElo "1735"]
[BlackRD "62"]
[GameID "739554"]

1. e4 g6 2. d4 Bg7 3. Nc3 d6 4. Be3 a6 5. f4 b5 6. Bd3 Bb7 7. Nf3 Nd7 8. e5 c5 9. Be4 Bxe4 10. Nxe4 Nh6
11. Qe2 cxd4 12. Bxd4 Nf5 13. O-O-O Nxd4 14. Rxd4 O-O 15. Rhd1 Nb6 16. R4d3 d5 17. Nf2 e6 18. g4 Bh6 19. g5 Bg7 20. Ng4 Nc4
21. h4 Qa5 22. Kb1 Rfc8 23. h5 b4 24. Nf6+ Kh8 25. hxg6 Bxf6 26. gxf6 fxg6 27. Ng5 Ra7 28. f7 Qb6 29. Rh1 h5 30. Rxh5+ gxh5
31. Rg3 Na3+ 32. Ka1 Nxc2+ 33. Qxc2
1-0

[Event "JAGI 0"]
[Site "SchemingMind.com"]
[Date "2023.11.26"]
[Round "-"]
[White "Chesswitchery"]
[Black "Archon"]
[Result "1/2-1/2"]
[WhiteCountry "USA"]
[BlackCountry "CAN"]
[WhiteElo "1621"]
[WhiteRD "62"]
[BlackElo "1735"]
[BlackRD "62"]
[GameID "739555"]

1. d4 Nf6 2. c4 g6 3. Nf3 Bg7 4. e3 d6 5. Nc3 Nbd7 6. Bd3 O-O 7. O-O c5 8. d5 a6 9. Re1 Nb6 10. Bd2 Nfd7
11. Rc1 Ne5 12. Nxe5 Bxe5 13. f4 Bg7 14. Qc2 Nd7 15. e4 Qc7 16. Ne2 Rb8 17. b3 b5 18. Bc3 Nf6 19. Bxf6 exf6 20. f5 bxc4
21. bxc4 Bd7 22. fxg6 fxg6 23. Nf4 Rb4 24. Rb1 Rxb1 25. Rxb1 Rf7 26. Qb3 Bc8 27. Ne6 Bxe6 28. dxe6 Re7 29. Qb8+ Qxb8 30. Rxb8+ Bf8
31. Rb6 Rxe6 32. Rxa6 Re8 33. g3 Rb8 34. h4 Rb2 35. e5 fxe5 36. Be4 Bh6 37. Bd5+ Kf8 38. Rxd6 Be3+ 39. Kh1 Rxa2 40. Rf6+ Kg7
41. Re6 Bd4 42. g4 Ra7 43. h5 g5 44. h6+ Kf8 45. Rf6+ Ke8 46. Re6+ Kf8 47. Rf6+ Ke8=
1/2-1/2